| 000 | 00830cam a2200253 a 4500 | ||
|---|---|---|---|
| 999 |
_c6066 _d6066 |
||
| 001 | 1952 | ||
| 003 | BD-DhUAP | ||
| 005 | 20201224114502.0 | ||
| 008 | 201224s1987 nyua b 001 0 eng | ||
| 020 | _a0023729007 | ||
| 040 |
_aDLC _cDLC _dBD-DhUAP _beng |
||
| 043 | _an-us--- | ||
| 082 | 0 | 0 |
_a658.4080973 LUT _223 |
| 100 | 1 | _aLuthans, Fred. | |
| 245 | 1 | 0 |
_aSocial issues in business : _bstrategic and public policy perspectives / _cFred Luthans, Richard M. Hodgetts and Kenneth R. Thompson. |
| 250 | _a5th ed. | ||
| 260 |
_aNew York : _bMacmillan, _cc1987. |
||
| 300 |
_axvi, 636 pages : _billustrations ; _c24 cm. |
||
| 504 | _aIncludes bibliographical references and indexes. | ||
| 650 | 0 |
_aIndustries _xSocial aspects _zUnited States. |
|
| 700 | 1 | _aHodgetts, Richard M. | |
| 700 | 1 | _aThompson, Kenneth R. | |
| 942 |
_2ddc _cBK |
||